000 00673nam a2200217 a 4500
005 20140310183623.0
008 120906s19uu xx 00 eng d
020 _a9781412945103
050 _aHF 5549
_b.M3268 2009
100 _aMartin, John
245 _aHuman resource management /
_cJohn Martin.
260 _aLos Angeles, CA :
_bSAGE,
_c2009.
300 _a207 p. :
_bill. ;
_c22 cm.
440 _aSAGE course companions
500 _aIncludes bibliographical references (p. [195]-197) and index. Includes web resources.
521 _aBSBA
650 _aHuman resource management
650 _aPersonnel management
942 _cBK
_2lcc
_kFOR
999 _c25448
_d25448